1512 1364 1593 1654 1295 1863 1292 1292 1944 1981 1728 1722 1544 1512 1380 1135 1365 1785 1268 1110 1754 1967 1014 1756 1927 1594 1851 1271 1107 1971 1675 1379 1605 1999 1602 1436 1083 1402 1662 1056 1894 1243 1967 1139 1297 1561 1216 1012 1104 1695 1120 1061 1534 1301 1621 1785 1007 1259 1543 1047 1508 1811 1549 1545 1834 1359 1370 1158 1885 1100 1817 1020 1914 1798 1677 1296 1454 1909 1930 1656 1692 1718 1435 1966 1335 1825 1952 1976 1123 1321 1619 1986 1724 1076 1347 1418 1747 1101 1012 BCNSPRNW ULIB Ver.6.0+V

เปลี่ยนเป็นภาษาไทย

Change to English
 แสดงรายละเอียดบรรณานุกรม
  กลับหน้าหลัก

Brief Record : Get Marc (ISO 2709) : E-mail record : QR code < ปิดหน้าต่าง
LEADER : 00000nam 2200000uu 4500
001    13399127460
003     ULIB
008    200529s2019||||th 000 0 tha d
020    ^a9781138506275
060    ^aWS350.2^bD747A
100    ^aDowling Deirdre
245  3 ^aAn Independent Practitioner s Introduction to Child and Adolescent Psychotherapy
250    ^a1st ed
260    ^aNew York :^bRoutledge,^c2019
300    ^a188 pages;^b21 cm
650    ^aPsychotherapy-methods
650    ^aChild
650    ^aAdolescent
945    ^p0^l0^i28361
945    ^p0^l0^i28362
999    ^aกัณชพร จุลอักษร
รายการนี้ยังไม่มีแท็ก
คุณยังไม่ได้ล็อกอิน คุณสามารถมีกิจกรรมร่วมกับเว็บไซต์ได้ แต่ต้องล็อกอินก่อน ::
  ล็อกอิน

รายการสื่อสารสนเทศ

ลำดับที่ ประเภท เลขเรียก/บาร์โค้ด สถานที่ สถานะ
1. หนังสือสำรอง
หนังสือสำรอง
WS350.2 D747A ฉ.1 
  Barcode: 28361
ห้องสมุดวิทยาเขตนครสวรรค์
►หนังสือทั่วไป:l:General Books
บนชั้น
2. วิทยาศาสตร์การแพทย์ และสุขภาพ
วิทยาศาสตร์การแพทย์ และสุขภาพ
WS350.2 D747A ฉ.2 
  Barcode: 28362
ห้องสมุดวิทยาเขตนครสวรรค์
►หนังสือทั่วไป:l:General Books
บนชั้น

รายการใกล้เคียง
    ผู้แต่ง [Dowling Deirdre]

    หัวเรื่อง [Psychotherapy-methods]
    หัวเรื่อง [Child]
    หัวเรื่อง [Adolescent]

BibComment


ยังไม่เคยถูกคอมเมนท์

คอมเมนท์ทรัพยากรรายการนี้
  คอมเมนท์: An Independent P..


 Copyright 2026. Bcnsprnw @Library